000 00371nam a2200157 i 4500
001 bg
100 1 _aARIFOV, U. A.
245 0 _aFizika medlennych pozitronov /
_cU.A. Arifov, P.U. Arifov.
260 _aTaškent,
_c1971.
700 1 _aARIFOV, P. U.
040 _cBPK
041 _apol
080 _a621.384
942 _cKS
008 s pl f |000 0 pol
999 _c9287
_d9287
856 _uhttp://koha.tu.koszalin.pl/cgi-bin/koha/opac-detail.pl?biblionumber=9287
_yKatalog online BPK